|
|
|
|
| LEADER |
01434nam a2200253 i 4500 |
| 003 |
GR-PaULI |
| 005 |
20220301141925.0 |
| 008 |
220301t2011 gr ||||| |||| 00| 0 eng d |
| 952 |
|
|
|0 0
|1 0
|2 ddc
|4 0
|6 913_923000000000000_ΣΜΥ
|7 0
|9 357162
|a LISP
|b LISP
|c DON
|d 2022-03-01
|e ΠΑΤ
|i 152529
|l 0
|o 913.923 ΣΜΥ
|p 025000284975
|r 2022-03-01 00:00:00
|t 1
|v 2022.00
|w 2022-03-01
|y BKN
|
| 999 |
|
|
|c 209001
|d 209001
|
| 020 |
|
|
|a 9789604751785
|
| 040 |
|
|
|a GR-PaULI
|b gre
|c GR-PaULI
|e AACR2
|
| 082 |
0 |
4 |
|2 23
|a 913.923
|
| 245 |
1 |
0 |
|a Σμύρνη /
|c κείμενα, εικονογραφικό υλικό Ίδρυμα Μείζονος Ελληνισμού ; σύνταξη, επιμέλεια και τεκμηρίωση κειμένων Μιχάλης Βαρλάς...[και.ά.] ; φωτογραφίες Γιάννης Βλαχάκης.
|
| 260 |
|
|
|a Αθήνα :
|b Η Καθημερινή,
|c c2011
|
| 300 |
|
|
|a 101 σ. :
|b εικ. ;
|c 17 εκ.
|
| 490 |
1 |
|
|a Κοιτίδες πολιτισμού / Η Καθημερινή
|v 4
|
| 651 |
|
4 |
|9 58469
|a Σμύρνη (Τουρκία)
|x Ιστορία
|
| 700 |
1 |
|
|9 190637
|a Βλαχάκης, Γιάννης
|e φωτογράφος.
|
| 700 |
1 |
|
|9 190640
|a Βαρλάς, Μιχάλης
|e επιμελητής
|
| 710 |
1 |
|
|9 103497
|a Ίδρυμα Μείζονος Ελληνισμού
|
| 830 |
|
0 |
|9 190613
|a Κοιτίδες πολιτισμού (Η Καθημερινή)
|v 4
|
| 942 |
|
|
|2 ddc
|c BKN
|
| 998 |
|
|
|c ΣΑΤΛΑΝΗΣ
|d 2022-03
|